000 00582nam a2200181 i 4500
001 58646
003 ES-MaACL
005 20240515063038.0
007 t|
008 031023s1943 ag ||||1| spa d
100 1 _aEbers, Georg Moritz
_946471
245 1 0 _aRamsés II
_b: un drama en Tebas /
_cpor George Ebers ; [traducción de José Goldstein].
260 _aBuenos Aires :
_bCompañía Editora del Plata,
_c[1943]
300 _a551 p., 12 lám. ;
_c24 cm.
700 1 _aGoldstein, José.
_957697
852 _aES-MaACL
_jF-16196
_bR.21214
999 _c58646
_d58646